Nazionalità - Statistics

Statistiche generali
  • Questo quiz è stato fatto 134 volte
  • Il punteggio medio è 9 su 16
Statistiche sulle risposte
con Immagini Risposta % Corretto
Polonia
90%
India
86%
Austria
83%
Grecia
75%
Iran
66%
Senegal
66%
Messico
56%
Russia
55%
Italia
51%
Sudafrica
51%
Argentina
49%
Iraq
47%
Francia
42%
Cile
18%
Etiopia
14%
Argentina
11%
Nessun quiz corrispondente trovato
Distribuzione punteggi
Percentuale di utenti per punteggio
Percentile per numero di risposta
I tuoi punteggi nel tempo
Non hai fatto questo quiz